000 00461nam a2200145Ia 4500
008 230411s9999 xx 000 0 und d
020 _a81-239-1229-3
041 _aeng
082 _aOG/610.73678/HIR/BAL/B05787
100 _aHiranandani Malti & Balaji Vandana
_9178725
245 _aPhysiotherapy in Pregnancy : Antenatal postnatal and baby care
260 _bCBS Publishers & Distributors
_aNew Delhi
_c2006
300 _a146p
999 _c156273
_d156273